000 00834nam a22002657a 4500
003 UA-OsUOA
001 71524
007 ta
008 20101118b un ||||| |||| 00| 0 ukr d
100 _aСич Є. М.
700 _aПилипенко О. В.
700 _aСтасишен М. С.
090 _a65.012.12
_bС41
942 _cBK
040 _aUA-OsUOA
_bukr
_cUA-OsUOA
_dUA-OsUOA
245 _aСтратегічний аналіз
_bнавч.-метод.посібн.
300 _a304 с.
955 _a2
041 _aukr
080 _a65.012.12
020 _a978-966-8019-95-1
260 _aК.
_bКаравела
_c2010
650 7 _a65 Управління підприємствами. Організація виробництва, торговлі та засоби зв'язку
_2UDC
999 _c357810
_d357810